Engineering graphics / (Record no. 3834)

000 -LEADER
fixed length control field 00748pam a2200241 a 4500
001 - CONTROL NUMBER
control field 1932583
005 - DATE AND TIME OF LATEST TRANSACTION
control field 20160201202055.0
008 - FIXED-LENGTH DATA ELEMENTS--GENERAL INFORMATION
fixed length control field 860411s1987 nyua 001 0 eng
010 ## - LIBRARY OF CONGRESS CONTROL NUMBER
LC control number 86008459
020 ## - INTERNATIONAL STANDARD BOOK NUMBER
International Standard Book Number 0023427604
040 ## - CATALOGING SOURCE
Original cataloging agency DLC
Transcribing agency DLC
Modifying agency DLC
050 00 - LIBRARY OF CONGRESS CALL NUMBER
Classification number T353
Item number .E62 1987
082 00 - DEWEY DECIMAL CLASSIFICATION NUMBER
Classification number 604.2
Edition number 19
245 00 - TITLE STATEMENT
Title Engineering graphics /
Statement of responsibility, etc. Frederick E. Giesecke ... [et al.].
250 ## - EDITION STATEMENT
Edition statement 4th ed.
260 ## - PUBLICATION, DISTRIBUTION, ETC. (IMPRINT)
Place of publication, distribution, etc. New York :
Name of publisher, distributor, etc. Macmillan ;
Place of publication, distribution, etc. London :
Name of publisher, distributor, etc. Collier Macmillan,
Date of publication, distribution, etc. c1987.
300 ## - PHYSICAL DESCRIPTION
Extent ix, 963 p. :
Other physical details ill. ;
Dimensions 26 cm.
500 ## - GENERAL NOTE
General note Includes index.
650 #0 - SUBJECT ADDED ENTRY--TOPICAL TERM
Topical term or geographic name as entry element Engineering graphics.
700 1# - ADDED ENTRY--PERSONAL NAME
Personal name Giesecke, Frederick E.
Fuller form of name (Frederick Ernest),
Dates associated with a name 1869-1953.
906 ## - LOCAL DATA ELEMENT F, LDF (RLIN)
a 7
b cbc
c orignew
d 1
e ocip
f 19
g y-gencatlg
942 ## - ADDED ENTRY ELEMENTS (KOHA)
Source of classification or shelving scheme
Koha item type Hard Covered Materials
Holdings
Withdrawn status Lost status Source of classification or shelving scheme Damaged status Not for loan Home library Current library Shelving location Date acquired Source of acquisition Total Checkouts Full call number Barcode Date last seen Price effective from Koha item type Date last checked out
          MACHAKOS UNIVERSITY LIBRARY MACHAKOS UNIVERSITY LIBRARY Open shelf 27/08/2015 Donation (B.F.A)   T 353 .E62 1987 9330 11/02/2019 27/08/2015 Hard Covered Materials  
          MACHAKOS UNIVERSITY LIBRARY MACHAKOS UNIVERSITY LIBRARY Open shelf 22/09/2015 Donation [B.F.A] 1 T 353 .E62 1987 8046 06/02/2023 22/09/2015 Hard Covered Materials 23/01/2023
© Machakos University Library, Along The Highway, Machakos Wote Rd, Machakos, Kenya P.O. Box 136 - 90100 Machakos - Kenya

Tel: ( +254 ) 723 805829 OR Fax : 044-20353 OR Email: library@mksu.ac.ke